Hromadné zľavy ako nová forma internetového nakupovania bakalárska práca

Guardado en:
Detalles Bibliográficos
Autor principal: Čičáková, Helena
Autor Corporativo: Obchodná fakulta EU. Katedra informatiky obchodných firiem
Otros Autores: Potisková, Ingrid
Formato: Libro
Lenguaje:eslovaco
Publicado: Bratislava 2012
Etiquetas: Agregar Etiqueta
Sin Etiquetas, Sea el primero en etiquetar este registro!

MARC

LEADER 00000nbm a2200000 4500
001 0154625
005 20161109111855.4
041 0 |a slo 
044 |a SK 
245 1 0 |a Hromadné zľavy ako nová forma internetového nakupovania  |b bakalárska práca  |c Helena Čičáková ; školiteľ: Ingrid Potisková 
264 1 |a Bratislava  |c 2012 
300 |a 47 s. 
100 1 |a Čičáková, Helena 
700 1 |a Potisková, Ingrid 
710 2 |a Obchodná fakulta EU. Katedra informatiky obchodných firiem